MARC details
| 000 -CABECERA |
| campo de control de longitud fija |
01200nam a2200313 4500 |
| 003 - IDENTIFICADOR DEL NÚMERO DE CONTROL |
| campo de control |
EC-UNACH |
| 005 - FECHA Y HORA DE LA ÚLTIMA TRANSACCIÓN |
| campo de control |
20260313161617.0 |
| 006 - CÓDIGOS DE INFORMACIÓN DE LONGITUD FIJA--CARACTERÍSTICAS DEL MATERIAL ADICIONAL |
| campo de control de longitud fija |
s||||gr|||| 00| 00 |
| 008 - DATOS DE LONGITUD FIJA--INFORMACIÓN GENERAL |
| campo de control de longitud fija |
150116t9999 mx r gr 000 0 spa d |
| 040 ## - FUENTE DE LA CATALOGACIÓN |
| Centro catalogador/agencia de origen |
EC-UNACH |
| Centro/agencia transcriptor |
EC-UNACH |
| 041 ## - CÓDIGO DE LENGUA |
| Código de lengua del texto/banda sonora o título independiente |
spa |
| 050 ## - SIGNATURA TOPOGRÁFICA DE LA BIBLIOTECA DEL CONGRESO |
| Número de clasificación |
530 |
| 082 04 - NÚMERO DE LA CLASIFICACIÓN DECIMAL DEWEY |
| Número de edición |
23 |
| Número de clasificación |
530 |
| Número de documento/Ítem |
L018594 |
| 100 ## - ENTRADA PRINCIPAL--NOMBRE DE PERSONA |
| Nombre de persona |
Slisko, Josip |
| 245 ## - MENCIÓN DE TÍTULO |
| Título |
Física 1 |
| Resto del título |
Competencias + Aprendizaje + Vida |
| 250 ## - MENCIÓN DE EDICIÓN |
| Mención de edición |
Tercera Edición |
| 264 ## - Producción, publicación, distribución, fabricación y copyright |
| Lugar de producción, publicación, distribución, fabricación |
México D.F., México. |
| Nombre del de productor, editor, distribuidor, fabricante |
Pearson Educación de México, S.A. |
| Fecha de de producción, publicación, distribución, fabricación o copyright |
2013 |
| 300 ## - DESCRIPCIÓN FÍSICA |
| Extensión |
264 páginas. |
| Otras características físicas |
Ilustraciones, Tablas, Gráficos. |
| Dimensiones |
21 x 27 cm. |
| 501 ## - NOTA DE "CON" |
| Nota de “Con” |
Incluye: Contenido, Bibliografía. |
| 505 ## - NOTA DE CONTENIDO CON FORMATO |
| Nota de contenido con formato |
Bloque 1. Reconoces el lenguaje técnico básico de la física -- Bloque 2. Identificas diferencias entre distintos tipos de movimiento -- Bloque 3. Comprendes el movimiento de los cuerpos a partir de las Leyes de la Dinámica de Newton -- Bloque 4. Relacionas el trabajo con la energía. |
| 650 ## - PUNTO DE ACCESO ADICIONAL DE MATERIA--TÉRMINO DE MATERIA |
| Término de materia o nombre geográfico como elemento inicial |
FÍSICA |
| 650 ## - PUNTO DE ACCESO ADICIONAL DE MATERIA--TÉRMINO DE MATERIA |
| Término de materia o nombre geográfico como elemento inicial |
MOVIMIENTOS |
| 650 ## - PUNTO DE ACCESO ADICIONAL DE MATERIA--TÉRMINO DE MATERIA |
| Término de materia o nombre geográfico como elemento inicial |
DINÁMICA DE NEWTON |
| 650 ## - PUNTO DE ACCESO ADICIONAL DE MATERIA--TÉRMINO DE MATERIA |
| Término de materia o nombre geográfico como elemento inicial |
ENERGÍA |
| 942 ## - ELEMENTOS DE PUNTO DE ACCESO ADICIONAL (KOHA) |
| Fuente del sistema de clasificación o colocación |
Clasificación Decimal Dewey |
| Tipo de ítem Koha |
Libros |
| 999 ## - NÚMEROS DE CONTROL DE SISTEMA (KOHA) |
| Koha biblionumber |
14412 |